[Event "Sitges Sunway online op"]
[Site "Chess.com INT"]
[Date "2020.04.27"]
[Round "9"]
[White "Baranciuc, Alexandr"]
[Black "Shome, Shiv"]
[Result "1/2-1/2"]
[WhiteElo "2006"]
[BlackElo "2237"]
[PlyCount "68"]
[EventDate "2020.04.19"]
[EventType "swiss"]
[EventRounds "9"]
[EventCountry "ESP"]
[SourceTitle "EXT 2021"]
[Source "ChessBase"]
[SourceDate "2020.10.23"]
[SourceVersion "1"]
[SourceVersionDate "2020.10.23"]
[SourceQuality "1"]

1. e4 e5 2. Nf3 Nc6 3. Bb5 a6 4. Ba4 Nf6 5. 0-0 Be7 6. Re1 b5 7. Bb3 d6 8. c3 0-0 9. h3 Nb8 10. d4 Nbd7 11. c4 c6 12. Qc2 Bb7 13. Nc3 b4 14. Ne2 c5 15. d5 Nb6 16. Qd3 a5 17. a4 Ba6 18. Ng3 Re8 19. Bd2 h6 20. Rec1 Bf8 21. Bd1 Nbxd5 22. exd5 e4 23. Qe3 exf3 24. Qxf3 g6 25. b3 Bg7 26. Bc2 Ra7 27. Re1 Rae7 28. Rxe7 Rxe7 29. Re1 Rxe1+ 30. Bxe1 Nd7 31. Qe4 Nf6 32. Qf3 Bc8 33. Bd2 Qe7 34. Kf1 Ne8 1/2-1/2

[Event "Budapest Rigochess02 GM"]
[Site "Budapest"]
[Date "2020.02.22"]
[Round "9"]
[White "Mendonca, Leon Luke"]
[Black "Shome, Shiv"]
[Result "1-0"]
[WhiteElo "2418"]
[BlackElo "2289"]
[PlyCount "87"]
[EventDate "2020.02.13"]
[EventType "tourn"]
[EventRounds "9"]
[EventCountry "HUN"]
[EventCategory "6"]
[SourceTitle "CBM 195 Extra"]
[Source "ChessBase"]
[SourceDate "2020.05.31"]
[SourceVersion "1"]
[SourceVersionDate "2020.05.31"]
[SourceQuality "1"]

1. d4 d5 2. Nf3 Nf6 3. c4 dxc4 4. Qa4+ Nbd7 5. Qxc4 e6 6. Nc3 Nb6 7. Qd3 c5 8. g3 cxd4 9. Nxd4 Bc5 10. Qb5+ Nbd7 11. Nb3 a6 12. Qd3 Ba7 13. Bg2 0-0 14. 0-0 Nc5 15. Nxc5 Bxc5 16. Qxd8 Rxd8 17. Bg5 h6 18. Bxf6 gxf6 19. Rfd1 Rxd1+ 20. Rxd1 Kf8 21. e3 Ke7 22. Ne4 Bb4 23. a3 f5 24. axb4 fxe4 25. Bxe4 Rb8 26. Rc1 Kd6 27. Kg2 Bd7 28. g4 Bc6 29. Kf3 Rg8 30. Bxc6 bxc6 31. Rd1+ Ke7 32. Rd4 e5 33. Rc4 Kd6 34. Kg3 Rb8 35. Kh4 a5 36. bxa5 Rxb2 37. Ra4 Rb7 38. Kh5 Kc5 39. Kxh6 Kb5 40. Ra1 c5 41. h4 Ra7 42. Kg5 Ra8 43. h5 Rg8+ 44. Kf5 1-0

[Event "Budapest Rigochess02 GM"]
[Site "Budapest"]
[Date "2020.02.15"]
[Round "3"]
[White "Shome, Shiv"]
[Black "Geher, Koppany"]
[Result "1/2-1/2"]
[WhiteElo "2289"]
[BlackElo "2327"]
[PlyCount "61"]
[EventDate "2020.02.13"]
[EventType "tourn"]
[EventRounds "9"]
[EventCountry "HUN"]
[EventCategory "6"]
[SourceTitle "CBM 195 Extra"]
[Source "ChessBase"]
[SourceDate "2020.05.31"]
[SourceVersion "1"]
[SourceVersionDate "2020.05.31"]
[SourceQuality "1"]

1. e4 c5 2. Nf3 e6 3. d4 cxd4 4. Nxd4 Nc6 5. Nc3 Qc7 6. Be2 a6 7. 0-0 Nf6 8. Be3 Bb4 9. Na4 Be7 10. Nxc6 bxc6 11. Nb6 Rb8 12. Nxc8 Qxc8 13. Bd4 c5 14. Be5 Rb6 15. Qd3 d6 16. Bc3 0-0 17. b3 Qc6 18. Bf3 Nd7 19. Qe3 h6 20. Rad1 Bg5 21. Qd3 Rc8 22. Be2 Ne5 23. Bxe5 dxe5 24. c3 Rd8 25. Qc4 Rxd1 26. Rxd1 Be7 27. Qd3 Bd6 28. Qc2 Be7 29. Bc4 Qc7 30. Qe2 a5 31. Bb5 1/2-1/2

[Event "Novi Sad TS Mix 127th"]
[Site "Novi Sad"]
[Date "2020.02.11"]
[Round "7"]
[White "Shome, Shiv"]
[Black "Sredojevic, Ivan"]
[Result "1/2-1/2"]
[WhiteElo "2289"]
[BlackElo "2218"]
[PlyCount "26"]
[EventDate "2020.02.08"]
[EventType "swiss"]
[EventRounds "9"]
[EventCountry "SRB"]
[SourceTitle "CBM 194 Extra"]
[Source "ChessBase"]
[SourceDate "2020.03.31"]
[SourceVersion "1"]
[SourceVersionDate "2020.03.31"]
[SourceQuality "1"]

1. e4 b6 2. d4 Bb7 3. Bd3 g6 4. Nf3 Bg7 5. 0-0 d6 6. e5 e6 7. Bg5 Ne7 8. Nbd2 h6 9. Bf4 g5 10. Bg3 Nf5 11. Re1 Nxg3 12. hxg3 dxe5 13. Nxe5 Qxd4 1/2-1/2

[Event "Novi Sad TS Mix 127th"]
[Site "Novi Sad"]
[Date "2020.02.08"]
[Round "1"]
[White "Lazic, Miroljub"]
[Black "Shome, Shiv"]
[Result "1-0"]
[WhiteElo "2420"]
[BlackElo "2289"]
[PlyCount "139"]
[EventDate "2020.02.08"]
[EventType "swiss"]
[EventRounds "9"]
[EventCountry "SRB"]
[SourceTitle "CBM 194 Extra"]
[Source "ChessBase"]
[SourceDate "2020.03.31"]
[SourceVersion "1"]
[SourceVersionDate "2020.03.31"]
[SourceQuality "1"]

1. g3 d5 2. Nf3 c6 3. Bg2 Bg4 4. 0-0 e6 5. d4 Nd7 6. Nbd2 Ngf6 7. Re1 Bd6 8. e4 dxe4 9. Nxe4 Nxe4 10. Rxe4 Nf6 11. Re1 0-0 12. c3 Qc7 13. Qb3 Nd7 14. Nd2 e5 15. Ne4 Be6 16. Qc2 Bf5 17. Nf6+ Nxf6 18. Qxf5 exd4 19. Bg5 Qd7 20. Qxd7 Nxd7 21. Rad1 Be5 22. cxd4 Bf6 23. Bxf6 Nxf6 24. d5 cxd5 25. Bxd5 Nxd5 26. Rxd5 Rfd8 27. Rxd8+ Rxd8 28. Re7 Rb8 29. b4 Kf8 30. Rc7 a6 31. Kg2 b5 32. Rc6 Ra8 33. a3 Ke7 34. Rc7+ Ke8 35. Kf3 Rd8 36. Ke3 Rd6 37. Ra7 h5 38. f4 g6 39. f5 gxf5 40. Kf4 Kf8 41. Kxf5 Kg7 42. Kg5 Rd5+ 43. Kh4 Rd2 44. h3 Rd4+ 45. Kxh5 Rd3 46. Rxa6 Rxg3 47. h4 f5 48. Rb6 Rxa3 49. Kg5 Rc3 50. Rb7+ Kg8 51. Rxb5 Rc4 52. Kxf5 Rxh4 53. Kf6 Rf4+ 54. Ke6 Re4+ 55. Kd6 Kf7 56. Rb8 Re6+ 57. Kd7 Re7+ 58. Kc6 Re6+ 59. Kb7 Ke7 60. Rc8 Kd7 61. b5 Rh6 62. Rc4 Rd6 63. b6 Rd1 64. Kb8 Rb1 65. b7 Rb2 66. Rc1 Rb3 67. Rd1+ Ke7 68. Ra1 Kd7 69. Ka7 Kc7 70. Rc1+ 1-0

[Event "Budapest Rigochess IM"]
[Site "Budapest"]
[Date "2019.11.25"]
[Round "1"]
[White "Shome, Shiv"]
[Black "Krstulovic, Alex"]
[Result "0-1"]
[WhiteElo "2269"]
[BlackElo "2311"]
[PlyCount "96"]
[EventDate "2019.11.25"]
[EventType "tourn"]
[EventRounds "9"]
[EventCountry "HUN"]
[EventCategory "3"]
[SourceTitle "CBM 193 Extra"]
[Source "ChessBase"]
[SourceDate "2020.01.31"]
[SourceVersion "1"]
[SourceVersionDate "2020.01.31"]
[SourceQuality "1"]

1. e4 c6 2. d4 d5 3. e5 c5 4. dxc5 e6 5. Nf3 Bxc5 6. Bd3 Ne7 7. 0-0 Ng6 8. Nbd2 Nc6 9. Nb3 Bb6 10. Qe2 Qc7 11. Re1 Bd7 12. c3 0-0 13. Nbd4 Bxd4 14. cxd4 Nb4 15. Bd2 Nxd3 16. Qxd3 Rfc8 17. a4 Qc2 18. Qa3 Nh4 19. Nxh4 Qxd2 20. Nf3 Qf4 21. Re3 Rc7 22. b3 Rac8 23. Rae1 h6 24. Qd6 Be8 25. Qb4 Qf5 26. h3 Qc2 27. R3e2 Qc3 28. Qxc3 Rxc3 29. Re3 a5 30. Rxc3 Rxc3 31. Re3 Rxe3 32. fxe3 b5 33. axb5 Bxb5 34. Kf2 Bd3 35. Ne1 Bb1 36. Ke2 Ba2 37. b4 axb4 38. Nd3 Bc4 39. Kd2 Bxd3 40. Kxd3 Kh7 41. Kc2 Kg6 42. g4 h5 43. Kb3 hxg4 44. hxg4 Kg5 45. Kxb4 Kxg4 46. Kc5 Kf5 47. Kd6 g5 48. Ke7 Kg6 0-1

[Event "Budapest FS11 GM"]
[Site "Budapest"]
[Date "2019.11.11"]
[Round "8"]
[White "Nguyen, Van Huy"]
[Black "Shome, Shiv"]
[Result "1/2-1/2"]
[WhiteElo "2468"]
[BlackElo "2263"]
[PlyCount "58"]
[EventDate "2019.11.02"]
[EventType "tourn"]
[EventRounds "9"]
[EventCountry "HUN"]
[EventCategory "7"]
[SourceTitle "CBM 193 Extra"]
[Source "ChessBase"]
[SourceDate "2020.01.31"]
[SourceVersion "1"]
[SourceVersionDate "2020.01.31"]
[SourceQuality "1"]

1. d4 d5 2. Nf3 Nf6 3. c4 dxc4 4. e3 e6 5. Bxc4 c5 6. 0-0 a6 7. Bb3 cxd4 8. exd4 Nc6 9. Nc3 Be7 10. Re1 0-0 11. Bg5 b5 12. Qd3 Bb7 13. Rad1 Nb4 14. Qe2 Nbd5 15. Ne5 b4 16. Bxf6 Bxf6 17. Ne4 Rc8 18. Nc5 Bxe5 19. Qxe5 Rc7 20. Nxb7 Rxb7 21. Bxd5 Rb5 22. Bxe6 Rxe5 23. dxe5 fxe6 24. Rxd8 Rxd8 25. Kf1 Rd2 26. Re2 Rd1+ 27. Re1 Rd2 28. Re2 Rd1+ 29. Re1 Rd2 1/2-1/2

[Event "Budapest FS11 GM"]
[Site "Budapest"]
[Date "2019.11.04"]
[Round "3"]
[White "Tran, Tuan Minh"]
[Black "Shome, Shiv"]
[Result "1-0"]
[WhiteElo "2509"]
[BlackElo "2263"]
[PlyCount "65"]
[EventDate "2019.11.02"]
[EventType "tourn"]
[EventRounds "9"]
[EventCountry "HUN"]
[EventCategory "7"]
[SourceTitle "CBM 193 Extra"]
[Source "ChessBase"]
[SourceDate "2020.01.31"]
[SourceVersion "1"]
[SourceVersionDate "2020.01.31"]
[SourceQuality "1"]

1. c4 e5 2. g3 Nf6 3. Bg2 c6 4. Nf3 e4 5. Nd4 d5 6. cxd5 cxd5 7. 0-0 Bc5 8. Nb3 Bb6 9. d3 0-0 10. Nc3 Bf5 11. Bg5 exd3 12. Nxd5 Nbd7 13. e4 Be6 14. Qxd3 h6 15. Nxb6 Qxb6 16. Be3 Qb4 17. Rfd1 Ne5 18. Qd4 Qb5 19. Qc5 Qxc5 20. Bxc5 Rfc8 21. Bd4 Nc6 22. Bc3 Bxb3 23. axb3 Re8 24. e5 Nxe5 25. Bxb7 Rab8 26. Bg2 Rxb3 27. Re1 Nc4 28. Bxf6 Rxe1+ 29. Rxe1 gxf6 30. Bd5 Rb4 31. Re4 Rxb2 32. Rxc4 Rd2 33. Rc5 1-0

[Event "Zaragoza Rey Ardid 1st"]
[Site "Zaragoza"]
[Date "2019.07.17"]
[Round "4"]
[White "Shome, Shiv"]
[Black "Randazzo, Adrian"]
[Result "1-0"]
[WhiteElo "2298"]
[BlackElo "2227"]
[PlyCount "149"]
[EventDate "2019.07.15"]
[EventType "tourn"]
[EventRounds "9"]
[EventCountry "ESP"]
[EventCategory "3"]
[SourceTitle "CBM 191 Extra"]
[Source "ChessBase"]
[SourceDate "2019.09.30"]
[SourceVersion "1"]
[SourceVersionDate "2019.09.30"]
[SourceQuality "1"]

1. e4 e6 2. d4 d5 3. Nc3 Nf6 4. Bg5 dxe4 5. Nxe4 Be7 6. Bxf6 gxf6 7. Nf3 a6 8. c4 f5 9. Nc3 Bf6 10. Qd2 c5 11. dxc5 Qa5 12. Be2 Qxc5 13. 0-0 0-0 14. Rfd1 Bd7 15. b4 Qc7 16. Rac1 Kh8 17. Qh6 Bg7 18. Qh4 Nc6 19. Nd5 Qd8 20. Qxd8 Raxd8 21. Nb6 Be8 22. Rxd8 Nxd8 23. b5 Bf6 24. a4 a5 25. c5 e5 26. Bc4 e4 27. Nd2 Bg5 28. Rc2 Ne6 29. Bxe6 fxe6 30. Ndc4 f4 31. Nd6 Bg6 32. Re2 e3 33. Nd7 Rg8 34. Ne5 Bh5 35. f3 Bf6 36. Ng4 Bxg4 37. fxg4 Rxg4 38. c6 bxc6 39. bxc6 f3 40. c7 Rg8 41. Rxe3 Bd4 42. Nf7+ Kg7 43. Nd8 Bxe3+ 44. Kf1 fxg2+ 45. Kxg2 Bg5 46. c8Q Bxd8 47. Qxe6 Rf8 48. Qe5+ Kf7 49. Kh3 Kg8 50. Kg4 Rf7 51. Qe8+ Rf8 52. Qd7 Kh8 53. Kh5 Kg8 54. Qd5+ Kg7 55. Qd4+ Kg8 56. Qe5 Rf7 57. Qd5 Bc7 58. h4 Kg7 59. Kg5 Bf4+ 60. Kg4 Bc7 61. Qe6 Rf6 62. Qd7+ Rf7 63. Qc6 Rf4+ 64. Kg5 Rf7 65. h5 Bd8+ 66. Kg4 Bc7 67. Qe6 Kg8 68. h6 Bd8 69. Qe8+ Rf8 70. Qd7 Bf6 71. Qd5+ Rf7 72. Qxa5 Kf8 73. Qa8+ Ke7 74. a5 Be5 75. a6 1-0

[Event "Budapest FS07 GM"]
[Site "Budapest"]
[Date "2019.07.10"]
[Round "5"]
[White "Shome, Shiv"]
[Black "Travadon, Loic"]
[Result "0-1"]
[WhiteElo "2298"]
[BlackElo "2403"]
[PlyCount "154"]
[EventDate "2019.07.06"]
[EventType "tourn"]
[EventRounds "9"]
[EventCountry "HUN"]
[EventCategory "7"]
[SourceTitle "EXT 2020"]
[Source "ChessBase"]
[SourceDate "2019.10.17"]
[SourceVersion "1"]
[SourceVersionDate "2019.10.17"]
[SourceQuality "1"]

1. e4 c5 2. Nf3 Nc6 3. d4 cxd4 4. Nxd4 g6 5. c4 Bg7 6. Be3 Nf6 7. Nc3 0-0 8. Be2 d6 9. 0-0 Bd7 10. Nc2 Rc8 11. Rc1 Ne8 12. Qd2 f5 13. f3 Nf6 14. b3 fxe4 15. Nxe4 Nxe4 16. fxe4 Rxf1+ 17. Rxf1 Be6 18. Nb4 Nxb4 19. Qxb4 b6 20. Qb5 Be5 21. Qb4 Bd7 22. Qd2 e6 23. Bh6 Qh4 24. Bf4 Bc6 25. g3 Bxf4 26. Rxf4 Qe7 27. Bg4 Rd8 28. Qe2 e5 29. Rf1 Kg7 30. Qe3 h5 31. Be2 Bd7 32. h4 Bc6 33. Bd3 Qe6 34. Qg5 Rd7 35. Kh2 Re7 36. Rf2 Re8 37. Rf5 a5 38. a4 Re7 39. g4 hxg4 40. h5 Re8 41. h6+ Kh7 42. Rf6 Qg8 43. Rxd6 Re6 44. Rxe6 Qxe6 45. Kg3 Qd7 46. Kh4 Qd6 47. Kxg4 Bd7+ 48. Kh4 Qe6 49. Bf1 Bc8 50. Kg3 Qd6 51. Be2 Qc5 52. Kg2 Bb7 53. Bf3 Qd6 54. Kg3 Bc8 55. Bg4 Bxg4 56. Kxg4 Qd1+ 57. Kh4 Qh1+ 58. Kg3 Qg1+ 59. Kh4 Qh2+ 60. Kg4 Qg2+ 61. Kh4 Qxe4+ 62. Kg3 Qf4+ 63. Qxf4 exf4+ 64. Kxf4 Kxh6 65. Kg4 g5 66. Kg3 Kh5 67. Kh3 g4+ 68. Kg3 Kg5 69. Kf2 Kf4 70. b4 g3+ 71. Kg2 axb4 72. a5 bxa5 73. c5 b3 74. c6 b2 75. c7 b1Q 76. c8Q Qb2+ 77. Kg1 Qf2+ 0-1

[Event "Budapest FS07 GM"]
[Site "Budapest"]
[Date "2019.07.07"]
[Round "2"]
[White "Damjanovic, Vuk"]
[Black "Shome, Shiv"]
[Result "1/2-1/2"]
[WhiteElo "2283"]
[BlackElo "2298"]
[PlyCount "31"]
[EventDate "2019.07.06"]
[EventType "tourn"]
[EventRounds "9"]
[EventCountry "HUN"]
[EventCategory "7"]
[SourceTitle "EXT 2020"]
[Source "ChessBase"]
[SourceDate "2019.10.17"]
[SourceVersion "1"]
[SourceVersionDate "2019.10.17"]
[SourceQuality "1"]

1. d4 d5 2. c4 dxc4 3. e3 e6 4. Bxc4 Nf6 5. Nf3 c5 6. 0-0 a6 7. Qe2 b5 8. Bb3 Bb7 9. Rd1 Qc7 10. Nc3 Be7 11. Bc2 cxd4 12. Nxd4 0-0 13. e4 Nbd7 14. Bg5 b4 15. Na4 Rac8 16. b3 1/2-1/2

[Event "Budapest FS07 GM"]
[Site "Budapest"]
[Date "2019.07.06"]
[Round "1"]
[White "Shome, Shiv"]
[Black "Aczel, Gergely"]
[Result "0-1"]
[WhiteElo "2298"]
[BlackElo "2540"]
[PlyCount "124"]
[EventDate "2019.07.06"]
[EventType "tourn"]
[EventRounds "9"]
[EventCountry "HUN"]
[EventCategory "7"]
[SourceTitle "EXT 2020"]
[Source "ChessBase"]
[SourceDate "2019.10.17"]
[SourceVersion "1"]
[SourceVersionDate "2019.10.17"]
[SourceQuality "1"]

1. e4 c5 2. Nf3 d6 3. d4 cxd4 4. Nxd4 Nf6 5. Nc3 a6 6. Be3 e5 7. Nf3 Qc7 8. a4 Be7 9. a5 0-0 10. Be2 Nc6 11. Bb6 Qb8 12. Nd5 Be6 13. Nxf6+ Bxf6 14. 0-0 Bd8 15. Qd2 Bxb6 16. axb6 Qd8 17. Rfd1 Qxb6 18. Qxd6 Bg4 19. Rab1 Rad8 20. Qa3 Bxf3 21. Bxf3 Nd4 22. Qe3 Nxf3+ 23. Qxf3 Rxd1+ 24. Qxd1 Rd8 25. Qe2 g6 26. g3 Kg7 27. Kg2 h5 28. h4 Qd6 29. c3 Qd2 30. Re1 a5 31. Kf1 Qd7 32. Kg2 Qc6 33. Kg1 Rd6 34. Ra1 b6 35. Re1 Qd7 36. Qe3 Qd8 37. Qc1 Rd2 38. Kg2 Qd6 39. Re3 Rd3 40. Rxd3 Qxd3 41. Kg1 Qxe4 42. Qd2 b5 43. Kh2 b4 44. cxb4 axb4 45. Kg1 Qd4 46. Qe2 b3 47. Kf1 Kg8 48. Ke1 Kf8 49. Qd2 Ke7 50. Qe2 Qc5 51. Qd2 Ke6 52. Ke2 Qd4 53. Ke1 Qxd2+ 54. Kxd2 Kf5 55. Kc3 Ke4 56. Kxb3 Kf3 57. Kc4 e4 58. Kd4 f5 59. b4 Kxf2 60. b5 e3 61. b6 e2 62. b7 e1Q 0-1

[Event "Novi Sad TS IM 76th"]
[Site "Novi Sad"]
[Date "2018.04.15"]
[Round "9"]
[White "Shome, Shiv"]
[Black "Savic, Miodrag R"]
[Result "1/2-1/2"]
[WhiteElo "2148"]
[BlackElo "2537"]
[PlyCount "129"]
[EventDate "2018.04.10"]
[EventType "tourn"]
[EventRounds "9"]
[EventCountry "SRB"]
[SourceTitle "CBM 184 Extra"]
[Source "ChessBase"]
[SourceDate "2018.06.28"]
[SourceVersion "1"]
[SourceVersionDate "2018.06.28"]
[SourceQuality "1"]

1. e4 d5 2. exd5 Qxd5 3. Nc3 Qd8 4. d4 Nf6 5. Nf3 Bg4 6. Bc4 e6 7. d5 Bb4 8. dxe6 Bxc3+ 9. bxc3 Qxd1+ 10. Kxd1 fxe6 11. Re1 Nbd7 12. Bf4 0-0-0 13. Kc1 Bxf3 14. gxf3 Nd5 15. Bxd5 exd5 16. Re7 Rdf8 17. Bg3 g5 18. Kd2 h5 19. Rae1 h4 20. Be5 Nxe5 21. R1xe5 Rxf3 22. Rxg5 Rxf2+ 23. Kc1 Rf6 24. Rxd5 Rc6 25. Kb2 Rb6+ 26. Kc1 Rc6 27. Kb2 b6 28. Rdd7 Rh5 29. Rd4 Rhc5 30. Re3 Rc4 31. Kb3 b5 32. Kb2 Kb7 33. Rh3 Rh6 34. Kb3 Rxd4 35. cxd4 Kc6 36. c4 Rh5 37. Re3 Rf5 38. cxb5+ Rxb5+ 39. Kc3 Rf5 40. Re4 Rf3+ 41. Kc4 Rh3 42. Re6+ Kd7 43. Re2 a5 44. a4 c6 45. d5 Ra3 46. dxc6+ Kxc6 47. Re6+ Kd7 48. Rh6 Rxa4+ 49. Kb5 Rf4 50. Kxa5 Ke7 51. Kb5 Kf7 52. Kc5 Kg7 53. Rh5 Kg6 54. Rh8 Kg5 55. Kd5 Kg4 56. Ke5 Ra4 57. Rb8 Ra2 58. Rb4+ Kh3 59. Kf5 Ra5+ 60. Kg6 Re5 61. Kf6 Rh5 62. Kg6 Rh8 63. Kg5 Kxh2 64. Rxh4+ Rxh4 65. Kxh4 1/2-1/2

[Event "Novi Sad TS IM 76th"]
[Site "Novi Sad"]
[Date "2018.04.13"]
[Round "6"]
[White "Tancik, Kristijan"]
[Black "Shome, Shiv"]
[Result "1-0"]
[WhiteElo "2245"]
[BlackElo "2148"]
[PlyCount "53"]
[EventDate "2018.04.10"]
[EventType "tourn"]
[EventRounds "9"]
[EventCountry "SRB"]
[SourceTitle "CBM 184 Extra"]
[Source "ChessBase"]
[SourceDate "2018.06.28"]
[SourceVersion "1"]
[SourceVersionDate "2018.06.28"]
[SourceQuality "1"]

1. d4 d5 2. c4 e6 3. Nf3 c6 4. Nc3 Nf6 5. Bg5 Be7 6. e3 Nbd7 7. Bd3 0-0 8. 0-0 dxc4 9. Bxc4 b5 10. Bd3 Bb7 11. Rc1 a6 12. Bxf6 Nxf6 13. Ne4 Nxe4 14. Bxe4 Rc8 15. Ne5 Bd6 16. Nd3 a5 17. f4 f5 18. Bf3 b4 19. Nc5 Bxc5 20. Rxc5 Ba6 21. Rf2 Bb5 22. Rfc2 Qb6 23. Rc1 Rfd8 24. Qb3 Kf7 25. Rxf5+ Ke7 26. Re5 Rd6 27. Bg4 1-0

[Event "Novi Sad TS IM 76th"]
[Site "Novi Sad"]
[Date "2018.04.11"]
[Round "3"]
[White "Shome, Shiv"]
[Black "Popchev, Milko"]
[Result "0-1"]
[WhiteElo "2148"]
[BlackElo "2289"]
[PlyCount "112"]
[EventDate "2018.04.10"]
[EventType "tourn"]
[EventRounds "9"]
[EventCountry "SRB"]
[SourceTitle "CBM 184 Extra"]
[Source "ChessBase"]
[SourceDate "2018.06.28"]
[SourceVersion "1"]
[SourceVersionDate "2018.06.28"]
[SourceQuality "1"]

1. e4 d6 2. d4 e5 3. dxe5 dxe5 4. Qxd8+ Kxd8 5. Bc4 f6 6. Be3 Nd7 7. Nd2 Bc5 8. Bxc5 Nxc5 9. 0-0-0 Ke7 10. f3 Nh6 11. Ne2 a5 12. Nc3 c6 13. a4 Nf7 14. Rhe1 Nd6 15. Ba2 Be6 16. Bxe6 Nxe6 17. Nf1 Rhd8 18. Ne3 g6 19. Rd2 Nc5 20. Red1 Rd7 21. b3 Rad8 22. g3 Ke6 23. Re2 Ke7 24. Red2 Ne6 25. Ne2 b6 26. Rd3 Nc5 27. R3d2 Ke6 28. Nc3 f5 29. exf5+ gxf5 30. Re1 h5 31. Rde2 Kf6 32. Ng2 Nf7 33. f4 e4 34. Rd1 Rxd1+ 35. Nxd1 b5 36. axb5 cxb5 37. Nc3 b4 38. Nb5 Rd5 39. Nc7 Rd7 40. Ne8+ Ke7 41. Ng7 Nh6 42. Nxh5 a4 43. bxa4 Nxa4 44. Ne3 Kf7 45. g4 Nc3 46. Rd2 Ra7 47. Rg2 Nxg4 48. Nxg4 fxg4 49. Kd2 Rd7+ 50. Ke3 b3 51. cxb3 Rd3+ 52. Kf2 e3+ 53. Kg3 e2+ 54. Kf2 Rf3+ 55. Ke1 Rf1+ 56. Kd2 e1Q+ 0-1

[Event "Novi Sad TS 74th"]
[Site "Novi Sad"]
[Date "2018.04.04"]
[Round "3"]
[White "Shome, Shiv"]
[Black "Konstantinov, Aleksandar1111"]
[Result "1/2-1/2"]
[WhiteElo "2148"]
[BlackElo "2166"]
[PlyCount "60"]
[EventDate "2018.04.03"]
[EventType "swiss"]
[EventRounds "9"]
[EventCountry "SRB"]
[SourceTitle "EXT 2019"]
[Source "ChessBase"]
[SourceDate "2018.10.10"]
[SourceVersion "1"]
[SourceVersionDate "2018.10.10"]
[SourceQuality "1"]

1. e4 e6 2. d4 d5 3. Nc3 Nf6 4. Bg5 Be7 5. e5 Nfd7 6. h4 h6 7. Bxe7 Qxe7 8. Qg4 0-0 9. 0-0-0 c5 10. f4 cxd4 11. Nb5 Nc6 12. Nxd4 Nxd4 13. Rxd4 f6 14. Nf3 f5 15. Qh3 Nc5 16. Bd3 Ne4 17. Rf1 h5 18. Bxe4 fxe4 19. Ng5 Qc5 20. Qe3 Bd7 21. Rxe4 Qb5 22. c4 Qa6 23. Rd4 Qxa2 24. Qa3 Qxa3 25. bxa3 Rac8 26. Kd2 Rxc4 27. Rxc4 dxc4 28. Kc3 b5 29. Rd1 Bc8 30. g3 Re8 1/2-1/2